[Event "4NCL 3 South pool B"]
[Site "Telford, ENG"]
[Date "2017.02.12"]
[Round "6.75"]
[White "Calvert, D Ian"]
[Black "Bennion, David"]
[Result "1-0"]
[WhiteElo "1908"]
[BlackElo "1997"]
[PlyCount "28"]
[EventDate "2017.02.12"]
[WhiteTeam "Iceni 1"]
[BlackTeam "Shropshire 1"]

1. b3 e5 2. Bb2 Nc6 3. e3 d5 4. Bb5 f6 5. d4 e4 6. c4 a6 7. cxd5 axb5 8. dxc6
bxc6 9. Qc2 Bb4+ 10. Nc3 Ne7 11. Nge2 f5 12. O-O-O O-O 13. Rhf1 Nd5 14. Nxd5
cxd5 {Scoresheets illegible, unable to continue} 1-0

[Event "4NCL 3 South pool B"]
[Site "Telford, ENG"]
[Date "2017.02.12"]
[Round "6.76"]
[White "Gostelow, David W"]
[Black "Szymanski, Mark"]
[Result "1/2-1/2"]
[WhiteElo "1930"]
[BlackElo "1891"]
[PlyCount "66"]
[EventDate "2017.02.12"]
[WhiteTeam "Shropshire 1"]
[BlackTeam "Iceni 1"]

1. d4 d5 2. Bf4 Nf6 3. e3 c5 4. c3 Nc6 5. Nd2 e6 6. Ngf3 Bd6 7. Bg3 O-O 8. Bd3
Re8 9. Ne5 Bxe5 10. dxe5 Nd7 11. f4 f5 12. Nf3 c4 13. Bc2 Qb6 14. O-O Nc5 15.
Rb1 Ne4 16. Nd4 Nxd4 17. exd4 Bd7 18. Bxe4 dxe4 19. Bf2 Qc6 20. Qd2 Qd5 21. b3
b5 22. bxc4 Qxc4 23. Rfc1 Bc6 24. Rb4 Qd5 25. c4 Qd7 26. cxb5 Bxb5 27. Rc5 Bc6
28. Qc3 Bd5 29. a3 Rec8 30. h3 Rxc5 31. dxc5 Qc6 32. Qb2 Rc8 33. Be3 h6 1/2-1/2

[Event "4NCL 3 South pool B"]
[Site "Telford, ENG"]
[Date "2017.02.12"]
[Round "6.81"]
[White "Moore, Graham J"]
[Black "Forster, Matthew"]
[Result "0-1"]
[WhiteElo "2106"]
[BlackElo "1915"]
[PlyCount "102"]
[EventDate "2017.02.12"]
[WhiteTeam "Anglian Avengers 2"]
[BlackTeam "Sussex Martlets 2"]

1. e4 c5 2. Nf3 g6 3. d4 cxd4 4. Nxd4 Bg7 5. Nc3 Nc6 6. Be3 Nf6 7. Be2 d6 8.
Nb3 Be6 9. f4 Rc8 10. O-O O-O 11. f5 Bd7 12. g4 Ne5 13. g5 Rxc3 14. bxc3 Nxe4
15. fxg6 hxg6 16. Bd4 Qc7 17. Qe1 Rc8 18. c4 Nxg5 19. Qh4 Qxc4 20. Kf2 Nh3+ 21.
Ke1 Qb4+ 22. Kd1 Bf6 23. Rxf6 exf6 24. Qxf6 Bf5 25. Rc1 Nf4 26. c3 Qa4 27. Qxd6
Nxe2 28. Bxe5 Re8 29. Qf6 Rxe5 30. Qxe5 Nxc1 31. Kxc1 Qxa2 32. Qe8+ Kg7 33.
Qe5+ Kh7 34. Nd4 Qb1+ 35. Kd2 Qd3+ 36. Ke1 Qe4+ 37. Qxe4 Bxe4 38. Ke2 f5 39.
Nb5 a6 40. Nd6 Bc6 41. Ke3 Kh6 42. Kf4 Kh5 43. Kg3 a5 44. Nc4 a4 45. Na3 g5 46.
c4 f4+ 47. Kf2 Kh4 48. Nb1 Kh3 49. Kg1 g4 50. c5 f3 51. Nc3 a3 0-1

[Event "4NCL 3 South pool B"]
[Site "Telford, ENG"]
[Date "2017.02.12"]
[Round "6.82"]
[White "Graham, William M"]
[Black "Moore, Geoffrey R"]
[Result "1/2-1/2"]
[WhiteElo "1837"]
[BlackElo "2140"]
[PlyCount "106"]
[EventDate "2017.02.12"]
[WhiteTeam "Sussex Martlets 2"]
[BlackTeam "Anglian Avengers 2"]

1. c4 Nf6 2. g3 g6 3. Bg2 Bg7 4. Nc3 O-O 5. e4 d6 6. Nge2 e5 7. O-O Be6 8. d3
Qd7 9. b4 c6 10. a4 Na6 11. Rb1 Nc7 12. f4 Bh3 13. d4 Bxg2 14. Kxg2 exd4 15.
Nxd4 Rfe8 16. Qd3 Ne6 17. Nf3 Rad8 18. Be3 Qc7 19. Rbd1 Ng4 20. Bg1 Nh6 21. Nd4
Nxd4 22. Bxd4 Bxd4 23. Qxd4 f5 24. Rfe1 Qg7 25. e5 a6 26. Qb6 Rd7 27. Qd4 Red8
28. e6 Qxd4 29. Rxd4 Re7 30. a5 Kg7 31. Na4 Kf6 32. Nc5 Rc7 33. h3 Ke7 34. Red1
Ng8 35. Kf3 Nf6 36. g4 Ne8 37. gxf5 gxf5 38. R4d2 Ra8 39. Nb3 Kxe6 40. Re2+ Kf6
41. Rde1 Ng7 42. Nd4 Rd7 43. Ne6 Nxe6 44. Rxe6+ Kf7 45. Rh6 Kg7 46. Ree6 d5 47.
cxd5 cxd5 48. Rh5 Rc8 49. Reh6 Rc3+ 50. Ke2 Kg8 51. Rg5+ Kh8 52. Rf6 d4 53. Kd2
Rb3 1/2-1/2

[Event "4NCL 3 South pool B"]
[Site "Telford, ENG"]
[Date "2017.02.12"]
[Round "6.83"]
[White "Wallis, Ian J"]
[Black "Blake, J Morgan"]
[Result "1-0"]
[WhiteElo "2110"]
[BlackElo "1795"]
[PlyCount "39"]
[EventDate "2017.02.12"]
[WhiteTeam "Anglian Avengers 2"]
[BlackTeam "Sussex Martlets 2"]

1. e4 c5 2. Nf3 d6 3. d4 cxd4 4. Nxd4 Nf6 5. Nc3 a6 6. Bg5 Nbd7 7. f4 Qc7 8.
Qf3 h6 9. Bxf6 Nxf6 10. Bd3 g5 11. f5 h5 12. O-O-O Bh6 13. Kb1 g4 14. Qf2 Nd7
15. Nd5 Qd8 16. h3 g3 17. Qxg3 Ne5 18. Be2 Bf8 19. Qc3 Ra7 20. Nb5 1-0

[Event "4NCL 3 South pool B"]
[Site "Telford, ENG"]
[Date "2017.02.12"]
[Round "6.84"]
[White "Finn, Thomas"]
[Black "Gregory, Stephen J"]
[Result "0-1"]
[WhiteElo "1781"]
[BlackElo "2095"]
[PlyCount "50"]
[EventDate "2017.02.12"]
[WhiteTeam "Sussex Martlets 2"]
[BlackTeam "Anglian Avengers 2"]

1. Nf3 d6 2. Nc3 g6 3. e4 Bg7 4. d4 Nf6 5. Be2 O-O 6. O-O Nc6 7. Bg5 h6 8. Be3
Bg4 9. h3 Bxf3 10. Bxf3 e5 11. d5 Ne7 12. Qd2 Kh7 13. Rad1 a6 14. Ne2 Qd7 15.
Ng3 Rac8 16. c4 c6 17. Rc1 Ne8 18. Be2 f5 19. f4 cxd5 20. cxd5 Rxc1 21. Rxc1
exf4 22. Bxf4 g5 23. Bxg5 hxg5 24. Qxg5 Bh6 25. Qh5 Nf6 0-1

[Event "4NCL 3 South pool B"]
[Site "Telford, ENG"]
[Date "2017.02.12"]
[Round "6.85"]
[White "Peck, Silas"]
[Black "Neale, George"]
[Result "1-0"]
[WhiteElo "2095"]
[BlackElo "1688"]
[PlyCount "45"]
[EventDate "2017.02.12"]
[WhiteTeam "Anglian Avengers 2"]
[BlackTeam "Sussex Martlets 2"]

1. e4 e5 2. Bc4 Bc5 3. Nf3 d6 4. d3 Bg4 5. Bb3 Nc6 6. c3 Nge7 7. Bxf7+ Kd7 8.
b4 Bb6 9. h3 Bxf3 10. Qxf3 Kc8 11. Qg4+ Kb8 12. Qxg7 Ng6 13. O-O Qd7 14. Bh6 a6
15. Bxg6 Qxg7 16. Bxg7 Rg8 17. Bxh7 Rxg7 18. Bf5 Ka7 19. Nd2 Ne7 20. Bg4 Ng6
21. g3 Rf8 22. Nc4 Rgf7 23. Nxb6 1-0

[Event "4NCL 3 South pool B"]
[Site "Telford, ENG"]
[Date "2017.02.12"]
[Round "6.86"]
[White "Salmons, Calum"]
[Black "Myall, Ivan J"]
[Result "0-1"]
[WhiteElo "1700"]
[BlackElo "2057"]
[PlyCount "66"]
[EventDate "2017.02.12"]
[WhiteTeam "Sussex Martlets 2"]
[BlackTeam "Anglian Avengers 2"]

1. e4 d5 2. Nc3 d4 3. Nce2 e5 4. Nf3 f6 5. Ng3 Be6 6. Bb5+ Nd7 7. O-O Qe7 8. c3
c6 9. Ba4 d3 10. Bb3 Nc5 11. Bxe6 Nxe6 12. Re1 g6 13. b4 h5 14. Nh4 Nf4 15. a4
Qe6 16. Rb1 Qg4 17. Qxg4 hxg4 18. Nxg6 Nxg6 19. b5 c5 20. Ba3 b6 21. Nf5 Bh6
22. Ne3 Bxe3 23. Rxe3 O-O-O 24. a5 N8e7 25. axb6 axb6 26. Bb2 Nf4 27. Ra1 Ne2+
28. Kh1 Kb7 29. Ra3 c4 30. Ra6 f5 31. exf5 Nxf5 32. Rxe5 Rxh2+ 33. Kxh2 Rh8#
0-1

[Event "4NCL 3 South pool C"]
[Site "Reading, ENG"]
[Date "2017.04.30"]
[Round "10.11"]
[White "Summerscale, Aaron P"]
[Black "Gallagher, Daniel GH"]
[Result "1/2-1/2"]
[WhiteElo "2399"]
[BlackElo "2230"]
[PlyCount "42"]
[EventDate "2017.04.30"]
[WhiteTeam "Wood Green MM 1"]
[BlackTeam "Anglian Avengers 2"]

1. d4 Nf6 2. Nf3 g6 3. c4 Bg7 4. Nc3 O-O 5. e4 d6 6. Be2 e5 7. O-O Nc6 8. dxe5
dxe5 9. Bg5 Qxd1 10. Rfxd1 h6 11. Be3 b6 12. Ne1 Bb7 13. f3 Rfd8 14. Nc2 Ne8
15. Nd5 Nd4 16. Nxd4 exd4 17. Bf2 c6 18. Nf4 Nc7 19. Rac1 h5 20. Rc2 Bh6 21.
Nd3 c5 1/2-1/2

[Event "4NCL 3 South pool C"]
[Site "Reading, ENG"]
[Date "2017.04.30"]
[Round "10.12"]
[White "Tozer, Philip A A"]
[Black "Bulmaga, Irina"]
[Result "0-1"]
[WhiteElo "2158"]
[BlackElo "2237"]
[PlyCount "70"]
[EventDate "2017.04.30"]
[WhiteTeam "Anglian Avengers 2"]
[BlackTeam "Wood Green MM 1"]

1. c4 e5 2. g3 Nc6 3. Nc3 Nf6 4. Bg2 Bc5 5. Nf3 d6 6. d3 h6 7. O-O O-O 8. a3 a5
9. e3 Bb6 10. b3 Be6 11. d4 exd4 12. exd4 Bg4 13. Be3 d5 14. c5 Ba7 15. Qd3 Ne7
16. b4 c6 17. b5 Bf5 18. Qe2 Ng6 19. b6 Bb8 20. Nd2 Qd7 21. f4 Re8 22. Nd1 a4
23. Bf3 Ra5 24. Qf2 Bh3 25. Re1 Ne7 26. Nf1 Rb5 27. Nc3 Rb3 28. Qd2 Nf5 29. Bf2
Rxe1 30. Bxe1 Ne4 31. Qd3 Qe6 32. Bxe4 dxe4 33. Qxe4 Qc4 34. Nd2 Qxc3 35. Nxb3
Qxb3 0-1

[Event "4NCL 3 South pool C"]
[Site "Reading, ENG"]
[Date "2017.04.30"]
[Round "10.13"]
[White "Meszaros, Gyula"]
[Black "Moore, Graham J"]
[Result "0-1"]
[WhiteElo "2280"]
[BlackElo "2088"]
[PlyCount "126"]
[EventDate "2017.04.30"]
[WhiteTeam "Wood Green MM 1"]
[BlackTeam "Anglian Avengers 2"]

1. Nf3 Nf6 2. g3 g6 3. Bg2 Bg7 4. d4 O-O 5. c4 d6 6. Nc3 c6 7. O-O Qa5 8. e4 e5
9. d5 cxd5 10. cxd5 b5 11. Nd2 b4 12. Nb3 Qc7 13. Nb1 a5 14. a3 Ba6 15. Re1 a4
16. N3d2 b3 17. Nc3 Qa5 18. Bf1 Rc8 19. Nf3 Bxf1 20. Rxf1 Nbd7 21. Qe2 Nc5 22.
Ne1 Qa6 23. Qxa6 Rxa6 24. f3 Nfd7 25. Be3 f5 26. Rc1 Rf8 27. Rd1 f4 28. Bf2 Rc8
29. Nd3 Nxd3 30. Rxd3 Nc5 31. Rdd1 Ra5 32. Rfe1 g5 33. Kg2 Bf6 34. Rd2 Nd7 35.
Rc1 Bd8 36. h4 fxg3 37. Kxg3 Kf7 38. Kh3 gxh4 39. Rg1 Nf8 40. Be3 Ng6 41. f4
exf4 42. Rf2 Ke8 43. Bxf4 Bb6 44. Rxg6 hxg6 45. Rg2 Bd4 46. Nd1 Kf7 47. Bxd6
Rc2 48. Rg4 Bxb2 49. Nxb2 Rxb2 50. Bb4 Rc2 51. Rf4+ Kg7 52. Rf1 b2 53. Bxa5 Rc1
54. Bd2 b1=Q 55. Bxc1 Qd3+ 56. Kg2 Qg3+ 57. Kh1 h3 58. Rg1 Qf3+ 59. Kh2 Qf2+
60. Kh1 h2 61. Rg2 Qf1+ 62. Kxh2 Qxc1 63. Re2 Qxa3 0-1

[Event "4NCL 3 South pool C"]
[Site "Reading, ENG"]
[Date "2017.04.30"]
[Round "10.14"]
[White "Wallis, Ian J"]
[Black "Srebrnic, Ana"]
[Result "0-1"]
[WhiteElo "2110"]
[BlackElo "2189"]
[PlyCount "69"]
[EventDate "2017.04.30"]
[WhiteTeam "Anglian Avengers 2"]
[BlackTeam "Wood Green MM 1"]

1. e4 e5 2. Nf3 Nc6 3. Bb5 a6 4. Ba4 d6 5. Bxc6+ bxc6 6. d4 exd4 7. Nxd4 c5 8.
Nf3 Bb7 9. Nc3 Ne7 10. O-O Qd7 11. b3 g6 12. Nd5 Bg7 13. Rb1 O-O 14. c4 f5 15.
Bg5 Nxd5 16. exd5 f4 17. g3 Qg4 18. h3 Qxh3 19. Bxf4 h6 20. Nh2 Bc8 21. b4 g5
22. Be3 Bf5 23. Rb3 Be4 24. f3 Qxg3+ 25. Kh1 Be5 26. Qe2 Qxh2+ 27. Qxh2 Bxh2
28. Kxh2 cxb4 29. Kg2 Bg6 30. Rxb4 Bd3 31. Rf2 Rae8 32. Ba7 Re2 33. Bb8 Re7 34.
Rb3 Bxc4 35. Rc3 0-1

[Event "4NCL 3 South pool C"]
[Site "Reading, ENG"]
[Date "2017.04.30"]
[Round "10.16"]
[White "Myall, Ivan J"]
[Black "Manelidou, Maria"]
[Result "1-0"]
[WhiteElo "2057"]
[BlackElo "2109"]
[PlyCount "187"]
[EventDate "2017.04.30"]
[WhiteTeam "Anglian Avengers 2"]
[BlackTeam "Wood Green MM 1"]

1. e4 e5 2. Nc3 Nf6 3. Bc4 Nxe4 4. Qh5 Nd6 5. Bb3 Be7 6. Qxe5 O-O 7. d4 b5 8.
Nge2 Nc6 9. Qf4 Na5 10. Bd5 c6 11. Bf3 b4 12. Ne4 Nxe4 13. Qxe4 d5 14. Qd3 Nc4
15. b3 Nd6 16. Ng3 a5 17. Be3 f5 18. Ne2 Ba6 19. Qd1 Ne4 20. Bxe4 dxe4 21. Nf4
Qd6 22. h4 Bf6 23. Nh5 c5 24. Nxf6+ Qxf6 25. Bg5 Qxd4 26. Qxd4 cxd4 27. O-O-O
d3 28. cxd3 Bxd3 29. Kb2 h6 30. Bf4 Rf6 31. a4 bxa3+ 32. Kxa3 Ra7 33. Rc1 Rb7
34. Bc7 Rb5 35. Rc3 f4 36. Rhc1 Rff5 37. g4 fxg3 38. Bxg3 Kh7 39. Rc7 Be2 40.
R1c3 Bd1 41. Re7 Rf3 42. Rxf3 exf3 43. Be5 Rxb3+ 44. Ka2 Kg6 45. Rxg7+ Kf5 46.
Bg3 Rb6 47. Rf7+ Ke4 48. Rd7 Bb3+ 49. Ka3 Bc2 50. Re7+ Kd4 51. Rd7+ Kc4 52.
Rc7+ Kd3 53. Rd7+ Ke2 54. Re7+ Kf1 55. Re3 Kg2 56. Rc3 Bd1 57. Rc1 Bb3 58. Rc5
a4 59. h5 Re6 60. Rc7 Rf6 61. Rc5 Kh3 62. Rc1 Rf5 63. Rh1+ Kg2 64. Rh2+ Kg1 65.
Rh3 Rb5 66. Rh4 Rg5 67. Bf4 Rg2 68. Be3 Kf1 69. Rf4 Ke2 70. Rf6 Rg1 71. Rxh6
Ra1+ 72. Kb4 Bc2 73. Ra6 Rb1+ 74. Kc3 Bb3 75. h6 Rh1 76. Ra7 Rh4 77. h7 Rc4+
78. Kb2 Rc8 79. Bd4 Bd1 80. h8=Q Rxh8 81. Bxh8 Kxf2 82. Kc1 Bb3 83. Kd2 Kg3 84.
Rg7+ Kf4 85. Ke1 Ke3 86. Re7+ Kd3 87. Kf2 Bd1 88. Re3+ Kc2 89. Bd4 Kb1 90. Bc5
Kb2 91. Ke1 Bb3 92. Rxf3 a3 93. Rf2+ Bc2 94. Bxa3+ 1-0

[Event "4NCL 3 South pool C"]
[Site "Reading, ENG"]
[Date "2017.04.30"]
[Round "10.22"]
[White "Farkas, Daniel"]
[Black "McDougall, William M"]
[Result "1/2-1/2"]
[WhiteElo "2099"]
[BlackElo "2045"]
[PlyCount "76"]
[EventDate "2017.04.30"]
[WhiteTeam "Fermented Sharks"]
[BlackTeam "Wessex"]

1. e4 c5 2. c3 d5 3. exd5 Qxd5 4. d4 Nc6 5. Nf3 Bg4 6. Be2 cxd4 7. cxd4 e6 8.
Nc3 Qa5 9. d5 exd5 10. Nd4 Bd7 11. Nb3 Qd8 12. O-O Nf6 13. Nxd5 Nxd5 14. Qxd5
Be7 15. Nc5 Bxc5 16. Qxc5 Qe7 17. Be3 O-O 18. Rfd1 Qxc5 19. Bxc5 Rfd8 20. Bf3
Be6 21. b3 a6 22. Bb6 Rxd1+ 23. Rxd1 Kf8 24. Be4 f5 25. Bf3 Rc8 26. h4 Kf7 27.
Be3 Rd8 28. Rxd8 Nxd8 29. Kf1 Nc6 30. Bc5 a5 31. Bb6 a4 32. bxa4 Bxa2 33. Ke1
Ke6 34. Bxc6 bxc6 35. Kd2 Kd5 36. Kc3 c5 37. Bd8 Bc4 38. Be7 Bf1 1/2-1/2

[Event "4NCL 3 South pool C"]
[Site "Reading, ENG"]
[Date "2017.04.30"]
[Round "10.23"]
[White "Pleasants, Allan J"]
[Black "Okhai, Shabir"]
[Result "1-0"]
[WhiteElo "1982"]
[BlackElo "2114"]
[PlyCount "117"]
[EventDate "2017.04.30"]
[WhiteTeam "Wessex"]
[BlackTeam "Fermented Sharks"]

1. c4 e6 2. g3 d5 3. Bg2 Nf6 4. Nf3 Nbd7 5. O-O c6 6. cxd5 exd5 7. Nc3 Bd6 8.
d4 O-O 9. Bf4 Bxf4 10. gxf4 Ne8 11. e3 Nd6 12. b4 a6 13. a4 Nf6 14. Qb3 Bf5 15.
Ne5 Nfe4 16. Nxe4 Nxe4 17. Ra2 Nd6 18. Rc1 Qh4 19. Qd1 Rae8 20. Kh1 Re6 21. Nf3
Qe7 22. Nd2 Rh6 23. Nf1 Qh4 24. f3 Re8 25. Qe1 Qe7 26. Qc3 Bd7 27. Re2 Nf5 28.
Rce1 Qh4 29. Kg1 Nd6 30. Rc1 Nc4 31. Qe1 Qe7 32. Qc3 Rf6 33. Rce1 b5 34. a5 Re6
35. f5 Rh6 36. e4 Qh4 37. Qd3 Nd6 38. Kh1 Kh8 39. exd5 cxd5 40. Rxe8+ Bxe8 41.
Qe3 Qd8 42. f4 Bc6 43. Qe5 Nc4 44. Qe7 Qxe7 45. Rxe7 Rd6 46. Ra7 Rd7 47. Rxa6
Rc7 48. Kg1 Kg8 49. Kf2 Kf8 50. Ne3 Nxe3 51. Kxe3 Ke7 52. f6+ gxf6 53. Rb6 Bd7
54. Bxd5 Rc3+ 55. Kd2 Ra3 56. Kc2 Ra1 57. Kb2 Ra4 58. Bb3 Rxb4 59. Kc3 1-0

[Event "4NCL 3 South pool C"]
[Site "Reading, ENG"]
[Date "2017.04.30"]
[Round "10.24"]
[White "Agnew, Alan"]
[Black "Clark, Ian C"]
[Result "1/2-1/2"]
[WhiteElo "2119"]
[BlackElo "1997"]
[PlyCount "82"]
[EventDate "2017.04.30"]
[WhiteTeam "Fermented Sharks"]
[BlackTeam "Wessex"]

1. d4 Nf6 2. Nf3 d5 3. c4 e6 4. Nc3 Nc6 5. cxd5 exd5 6. Bg5 Be7 7. e3 O-O 8.
Bd3 Be6 9. O-O h6 10. Bh4 Qd7 11. Rc1 a6 12. a3 Rab8 13. Bxf6 Bxf6 14. Na4 Be7
15. Nc5 Bxc5 16. Rxc5 Ne7 17. Ne5 Qd6 18. Qc2 c6 19. b4 f6 20. Nf3 Qd7 21. a4
Bf5 22. b5 axb5 23. axb5 Bxd3 24. Qxd3 Ra8 25. bxc6 bxc6 26. Rfc1 Rfb8 27. h3
Rb2 28. R5c2 Raa2 29. Rxb2 Rxb2 30. Rb1 Qb7 31. Rxb2 Qxb2 32. g4 Qb5 33. Kg2 c5
34. dxc5 Qxc5 35. Nd4 Kf7 36. Ne2 Qc4 37. Nf4 Qxd3 38. Nxd3 Ke6 39. Kg3 Nc6 40.
h4 d4 41. exd4 Nxd4 1/2-1/2

[Event "4NCL 3 South pool C"]
[Site "Reading, ENG"]
[Date "2017.04.30"]
[Round "10.25"]
[White "De Coverly, Roger D"]
[Black "Millward, Kevin P"]
[Result "0-1"]
[WhiteElo "1988"]
[BlackElo "2048"]
[PlyCount "122"]
[EventDate "2017.04.30"]
[WhiteTeam "Wessex"]
[BlackTeam "Fermented Sharks"]

1. e4 d6 2. d4 g6 3. Nc3 Bg7 4. Be3 a6 5. a4 Nf6 6. Nf3 b6 7. Bd3 O-O 8. h3
Nfd7 9. Qd2 c5 10. Bh6 cxd4 11. Bxg7 Kxg7 12. Nxd4 Ne5 13. O-O Bd7 14. f4 Nxd3
15. Qxd3 Nc6 16. Rad1 Nb4 17. Qg3 Qc7 18. Kh1 e5 19. fxe5 dxe5 20. Nf3 f6 21.
Rd2 Be6 22. Nd5 Nxd5 23. exd5 Bd7 24. Nd4 Qd6 25. Rfd1 Rf7 26. b3 Re8 27. c4 a5
28. Ne2 h6 29. Rc1 f5 30. Qc3 Rc8 31. Ng1 Kh7 32. Nf3 Re7 33. Re2 e4 34. Rce1
Rce8 35. Nd2 Rf8 36. Qd4 Rc8 37. Nb1 Rf7 38. Nc3 Rg7 39. Nb5 Bxb5 40. axb5 Rgc7
41. Ra1 h5 42. Qf2 Rf8 43. Qh4 Kg7 44. Qg5 Qf6 45. Qxf6+ Rxf6 46. Rd1 Rd6 47.
g3 Kf6 48. Kg1 Ke5 49. h4 a4 50. bxa4 Rxc4 51. Ra2 Rxd5 52. Rxd5+ Kxd5 53. Kf2
Kc5 54. Ra1 Rc3 55. Ra2 Rf3+ 56. Kg2 f4 57. gxf4 Rxf4 58. Kg3 Rg4+ 59. Kh3 e3
60. a5 bxa5 61. Rxa5 Re4 0-1

[Event "4NCL 3 South pool C"]
[Site "Reading, ENG"]
[Date "2017.04.30"]
[Round "10.26"]
[White "George, Matthew P"]
[Black "Adaway, William"]
[Result "1-0"]
[WhiteElo "2027"]
[BlackElo "1897"]
[PlyCount "79"]
[EventDate "2017.04.30"]
[WhiteTeam "Fermented Sharks"]
[BlackTeam "Wessex"]

1. c4 e6 2. Nf3 d5 3. e3 Nf6 4. Nc3 Be7 5. b3 O-O 6. Bb2 c5 7. cxd5 exd5 8. d4
b6 9. Be2 Bb7 10. O-O Nbd7 11. Rc1 Ne4 12. dxc5 Nxc3 13. Bxc3 bxc5 14. Qd3 Qb6
15. Rfd1 Rfe8 16. Qb5 Bc6 17. Qa6 Bb7 18. Qa4 Qe6 19. Bb5 Nb6 20. Qf4 Bc6 21.
Bxc6 Qxc6 22. Qxf7+ Kxf7 23. Ne5+ Kg8 24. Nxc6 Bd6 25. b4 Rec8 26. bxc5 Rxc6
27. cxd6 Rxd6 28. Be5 Rd7 29. h4 Re8 30. Bf4 Kf7 31. Rd4 Rc8 32. Rxc8 Nxc8 33.
Kf1 Ke6 34. Rb4 Ne7 35. g4 Ng6 36. Bg3 Ne5 37. Ra4 Nc4 38. Ra6+ Nb6 39. Bb8 h5
40. Bxa7 1-0

[Event "4NCL 3 South pool C"]
[Site "Reading, ENG"]
[Date "2017.04.30"]
[Round "10.31"]
[White "Swanson, Stephen"]
[Black "Rutter, Nick J"]
[Result "1-0"]
[WhiteElo "2171"]
[BlackElo "2140"]
[PlyCount "123"]
[EventDate "2017.04.30"]
[WhiteTeam "Poisoned Pawns 1"]
[BlackTeam "Shropshire 1"]

1. e4 c5 2. Nf3 Nc6 3. d3 g6 4. g3 Bg7 5. Bg2 d6 6. O-O e5 7. a3 Nge7 8. c3 O-O
9. b4 Bg4 10. Nbd2 Qd7 11. Bb2 Rad8 12. b5 Na5 13. c4 b6 14. Bc3 Nb7 15. a4 Ra8
16. a5 Rfb8 17. axb6 axb6 18. Qc2 Bxf3 19. Nxf3 Nd8 20. Qb2 Qb7 21. h4 Rxa1 22.
Rxa1 Ra8 23. h5 f6 24. hxg6 hxg6 25. Bh3 Kf7 26. Nd2 Ra7 27. Nf1 Qa8 28. Rxa7
Qxa7 29. Qe2 Qa8 30. Bd2 Qa7 31. Be3 Qc7 32. Kg2 Ng8 33. Qa2 Qb7 34. Kh2 Ne6
35. Qa6 Qb8 36. Bxe6+ Kxe6 37. Kg2 Ne7 38. Nd2 Kd7 39. Qa1 Qb7 40. Qh1 Qc8 41.
Qd1 Ke8 42. Nb1 Kf7 43. Nc3 Qd7 44. Qa4 Qb7 45. Qa6 Qb8 46. Bd2 Ke8 47. Qa1 Qb7
48. Qh1 Kf7 49. Qh7 Qb8 50. Qh3 Qc8 51. Qxc8 Nxc8 52. Nd5 Bf8 53. f4 Be7 54.
Kf3 Bd8 55. f5 g5 56. Kg4 Ne7 57. Nxf6 Kxf6 58. Bxg5+ Kf7 59. Kh5 Bc7 60. Bxe7
Kxe7 61. Kg6 Kf8 62. Kf6 1-0

[Event "4NCL 3 South pool C"]
[Site "Reading, ENG"]
[Date "2017.04.30"]
[Round "10.32"]
[White "Whyte, Brian G"]
[Black "Clark, Kevin R"]
[Result "1/2-1/2"]
[WhiteElo "2065"]
[BlackElo "2148"]
[PlyCount "36"]
[EventDate "2017.04.30"]
[WhiteTeam "Shropshire 1"]
[BlackTeam "Poisoned Pawns 1"]

1. Nf3 Nf6 2. c4 c5 3. Nc3 Nc6 4. g3 g6 5. Bg2 Bg7 6. a3 O-O 7. Rb1 a5 8. d4 d6
9. d5 Ne5 10. Nd2 Ne8 11. O-O f5 12. f4 Ng4 13. Nf3 Qb6 14. Qd3 Nc7 15. Bd2 Nf6
16. Rbe1 Bd7 17. Bc1 Rfe8 18. Kh1 Rad8 1/2-1/2

[Event "4NCL 3 South pool C"]
[Site "Reading, ENG"]
[Date "2017.04.30"]
[Round "10.33"]
[White "Byway, Paul V"]
[Black "Bryant, Richard B E"]
[Result "1-0"]
[WhiteElo "2075"]
[BlackElo "2072"]
[PlyCount "83"]
[EventDate "2017.04.30"]
[WhiteTeam "Poisoned Pawns 1"]
[BlackTeam "Shropshire 1"]

1. Nf3 d5 2. e3 Nf6 3. b3 e6 4. Bb2 Nbd7 5. c4 c6 6. Nc3 Bd6 7. d4 O-O 8. Bd3
Qe7 9. O-O Rd8 10. Re1 Bb4 11. Qc2 Nf8 12. a3 Ba5 13. b4 Bc7 14. Rad1 a5 15. b5
dxc4 16. Bxc4 cxb5 17. Nxb5 Bb8 18. a4 Bd7 19. Ba3 Qe8 20. Ne5 Rc8 21. Nxd7
Qxd7 22. Qa2 Ne4 23. Rc1 Nd6 24. Bd3 Rd8 25. Qc2 g6 26. Qc5 Ra6 27. Qg5 Kg7 28.
Nxd6 Rxd6 29. Bb5 Rd5 30. Bxd7 Rxg5 31. Be7 Bxh2+ 32. Kf1 Rxd7 33. Bxg5 Bd6 34.
Rc8 f6 35. Bh4 g5 36. Bg3 Bxg3 37. fxg3 e5 38. dxe5 fxe5 39. Rc5 b6 40. Rxe5
Kf6 41. Rb5 Rd6 42. e4 1-0

[Event "4NCL 3 South pool C"]
[Site "Reading, ENG"]
[Date "2017.04.30"]
[Round "10.34"]
[White "Ellemann, Stefan"]
[Black "Davison, Chris"]
[Result "0-1"]
[WhiteElo "2012"]
[BlackElo "2055"]
[PlyCount "88"]
[EventDate "2017.04.30"]
[WhiteTeam "Shropshire 1"]
[BlackTeam "Poisoned Pawns 1"]

1. Nf3 Nf6 2. c4 e6 3. g3 d5 4. d4 Bb4+ 5. Bd2 Qe7 6. Bg2 Ne4 7. O-O Bxd2 8.
Nbxd2 f5 9. Ne5 Nd7 10. Ndf3 O-O 11. cxd5 exd5 12. Nd3 Ndf6 13. Nfe5 Bd7 14. a4
a5 15. Qc2 Rac8 16. Qb3 Nd2 17. Bxd5+ Nxd5 18. Qxd5+ Be6 19. Qxb7 Nxf1 20. Kxf1
Qd6 21. Qc6 Rfe8 22. e3 Bd5 23. Qc5 Be4 24. Qc4+ Bd5 25. Qc5 Ra8 26. Rc1 Re7
27. Rc3 g5 28. Qb5 Be4 29. Nc6 Re6 30. Nde5 Rf8 31. Nxa5 f4 32. Nac4 fxg3 33.
hxg3 Qe7 34. Nd2 Ba8 35. Qc4 c6 36. Ne4 Kh8 37. Nxg5 Rxe5 38. dxe5 Qxe5 39. Qb4
Qf5 40. f4 Qb1+ 41. Kf2 Rd8 42. Rc5 Qd1 43. g4 Rd2+ 44. Kg3 Qe1+ 0-1

[Event "4NCL 3 South pool C"]
[Site "Reading, ENG"]
[Date "2017.04.30"]
[Round "10.35"]
[White "Kemp, Paul R"]
[Black "Paul, Nathanael"]
[Result "1/2-1/2"]
[WhiteElo "2074"]
[BlackElo "2012"]
[PlyCount "109"]
[EventDate "2017.04.30"]
[WhiteTeam "Poisoned Pawns 1"]
[BlackTeam "Shropshire 1"]

1. e4 c6 2. c4 d5 3. cxd5 cxd5 4. exd5 Nf6 5. Bb5+ Nbd7 6. Nc3 a6 7. Be2 b5 8.
Bf3 Bb7 9. d6 Bxf3 10. Nxf3 e6 11. O-O Bxd6 12. d4 Nb6 13. Bg5 O-O 14. Qe2 Qb8
15. a4 b4 16. Bxf6 gxf6 17. a5 Nd7 18. Ne4 f5 19. Nxd6 Qxd6 20. Rfc1 Rfc8 21.
Qe3 f4 22. Qe4 Nf6 23. Qb7 Rcb8 24. Qc7 Qxc7 25. Rxc7 Nd5 26. Rd7 Rc8 27. Ne5
f6 28. Nd3 Rc2 29. Rd1 Rac8 30. h4 h5 31. Rd6 R8c6 32. Rxc6 Rxc6 33. Rc1 Rxc1+
34. Nxc1 Ne7 35. Nd3 Nc6 36. Nc5 Nxa5 37. Nxa6 Nc6 38. Nc5 Nxd4 39. Nd3 Ne2+
40. Kf1 f3 41. Nxb4 fxg2+ 42. Kxg2 Nd4 43. Nd3 e5 44. Nc5 Kf7 45. f4 Kg6 46.
fxe5 fxe5 47. b4 Kf5 48. Kf2 Kg4 49. Ne4 Kxh4 50. Nc3 Kg4 51. b5 h4 52. b6 h3
53. Nd5 Nc6 54. b7 Nb8 55. Nc3 1/2-1/2

[Event "4NCL 3 South pool C"]
[Site "Reading, ENG"]
[Date "2017.04.30"]
[Round "10.36"]
[White "Jamieson, Ian"]
[Black "Rosen, Daniel B"]
[Result "0-1"]
[WhiteElo "1967"]
[BlackElo "2047"]
[PlyCount "102"]
[EventDate "2017.04.30"]
[WhiteTeam "Shropshire 1"]
[BlackTeam "Poisoned Pawns 1"]

1. f4 d5 2. Nf3 Nf6 3. e3 Bg4 4. d4 e6 5. Bd3 Nbd7 6. O-O Be7 7. Nbd2 c6 8. b3
O-O 9. Bb2 Rc8 10. h3 Bxf3 11. Qxf3 Qa5 12. c3 c5 13. Rf2 cxd4 14. cxd4 Ba3 15.
Bxa3 Qxa3 16. Nf1 Rc3 17. Qd1 Rfc8 18. Rc2 Rxc2 19. Bxc2 Qb2 20. Bd3 Rc3 21.
Rb1 Qxa2 22. g4 a6 23. Ng3 Ne4 24. Ne2 Rc8 25. g5 Nc3 26. Nxc3 Rxc3 27. h4 g6
28. Kf1 Qh2 29. b4 Nb6 30. Qe2 Qh1+ 31. Kf2 Qh2+ 32. Kf3 Qh3+ 33. Kf2 Nc4 34.
Rg1 Nd6 35. Bb1 Qh2+ 36. Rg2 Qxh4+ 37. Kf3 Rc1 38. Rh2 Qe1 39. Bd3 Qxe2+ 40.
Rxe2 Rc3 41. Rd2 Rb3 42. Ke2 Rxb4 43. Rc2 Nc4 44. e4 Rb2 45. Rxb2 Nxb2 46. Bc2
Nc4 47. Kd3 b5 48. exd5 exd5 49. Kc3 a5 50. Bd1 b4+ 51. Kb3 Nb6 0-1